Lyrics - Hard Rock Hallelujah - Lordi - Statistics

General Stats
  • This quiz has been taken 21 times
  • The average score is 210 of 293
Answer Stats
Answer % Correct
an
100%
hallelujah
100%
Hard
100%
hard
100%
I
100%
rock
100%
The
100%
the
100%
and
87%
angel
87%
angels
87%
are
87%
is
87%
on
87%
On
87%
we
87%
in
80%
In
80%
no
80%
of
80%
You
80%
All
73%
all
73%
be
73%
bring
73%
need
73%
night
73%
one
73%
power
73%
roll
73%
soon'll
73%
that
73%
to
73%
us
73%
will
73%
Demons
67%
have
67%
light
67%
lightning
67%
moon
67%
my
67%
My
67%
rising
67%
this
67%
who
67%
your
67%
back
60%
eyes
60%
give
60%
go
60%
head
60%
join
60%
might
60%
Not
60%
now
60%
Now
60%
or
60%
prophets
60%
Rock'n'roll
60%
see
60%
sign
60%
thunder
60%
with
60%
about
53%
As
53%
crippled
53%
day
53%
false
53%
God's
53%
guiding
53%
high
53%
It's
53%
it's
53%
jokers
53%
kings
53%
lambs
53%
let
53%
like
53%
new
53%
red
53%
rise
53%
rock's
53%
saints
53%
sharp
53%
supernatural
53%
Wings
53%
wins
53%
arockalypse
47%
arrived
47%
awe
47%
believers
47%
Brothers
47%
choose
47%
creation's
47%
dares
47%
down
47%
faith
47%
got
47%
hell
47%
horns
47%
keep
47%
Lost
47%
saved
47%
sinner's
47%
sisters
47%
soul
47%
Striking
47%
strong
47%
thou
47%
true
47%
walls
47%
come
40%
straight
40%
up
40%
bare
33%
fell
33%
quite
33%
yeah
33%
fangs
27%
rockening
27%
shalt
20%
thine
20%
No matching quizzes found
Score Distribution
Percent of People with Each Score
Percentile by Number Answered
Your Score History
You have not taken this quiz